Joueurs ukrainiens sélectionnés à l'Euro 2024 - Statistiques

Statistiques générales
  • Ce quiz a été pris 5 fois
  • Le résultat moyen est 11 sur 27
Statistiques - réponses
Poste Club Numéro Joueur % Correct
Gardien Real Madrid (Espagne) 23 Andriy Lunin
100%
Attaquant Chelsea (Angleterre) 10 Mykhailo Mudryk
100%
Défenseur Arsenal (Angleterre) 17 Oleksandr Zinchenko
100%
Défenseur Everton (Angleterre) 16 Vitaliy Mykolenko
100%
Gardien Benfica (Portugal) 12 Anatoliy Trubin
80%
Attaquant Girona (Espagne) 11 Artem Dovbyk
80%
Défenseur Bournemouth (Angleterre) 13 Illya Zabarnyi
80%
Attaquant Valence (Espagne) 9 Roman Yaremchuk
80%
Milieu de terrain Girona (Espagne) 15 Viktor Tsygankov
80%
Milieu de terrain Dynamo Kiev (Ukraine) 7 Andriy Yarmolenko
60%
Milieu de terrain Shaktar Donetsk (Ukraine) 14 Georgiy Sudakov
60%
Milieu de terrain Shaktar Donetsk (Ukraine) 6 Taras Stepanenko
40%
Défenseur Shaktar Donetsk (Ukraine) 22 Mykola Matviyenko
20%
Milieu de terrain Dynamo Kiev (Ukraine) 19 Mykola Shaparenko
20%
Milieu de terrain Genoa (Italie) 8 Ruslan Malinovskyi
20%
Milieu de terrain Westerlo (Belgique) 5 Serhiy Sydorchuk
20%
Défenseur Shaktar Donetsk (Ukraine) 21 Valeriy Bondar
20%
Défenseur Shaktar Donetsk (Ukraine) 2 Yukhym Konoplia
20%
Défenseur Polissya Zhytomyr (Ukraine) 26 Bohdan Mykhailinchenko
0%
Gardien Dynamo Kiev (Ukraine) 1 Georgiy Bushchan
0%
Défenseur Linzer ASK (Autriche) 4 Maksym Talovierov
0%
Défenseur SK Dnipro-1 (Ukraine) 3 Oleksandr Svatok
0%
Défenseur Dynamo Kiev (Ukraine) 24 Oleksandr Tymchyk
0%
Milieu de terrain Shaktar Donetsk (Ukraine) 20 Oleksandr Zubkov
0%
Sélectionneur - - Serhiy Rebrov
0%
Attaquant Dynamo Kiev (Ukraine) 25 Vladyslav Vanat
0%
Milieu de terrain Dynamo Kiev (Ukraine) 18 Volodymyr Brazhko
0%
Aucun quiz correspondant
Distribution des résultats
% des personnes avec chaque résultat
Percentile par nombre de réponses
Votre historique - résultats
Vous n’avez pas pris ce quiz